书目信息 |
| 题名: |
闽国
|
|
| 作者: | 薛爱华 著 ;程章灿, , 侯承相 译 | |
| 分册: | ||
| 出版信息: | 上海 上海文化出版社 2019.08 |
|
| 页数: | 31, 181页 | |
| 开本: | 21cm | |
| 丛书名: | ||
| 单 册: | ||
| 中图分类: | K295.7 | |
| 科图分类: | ||
| 主题词: | ||
| 电子资源: | ||
| ISBN: | 978-7-5535-1685-1 | |
| 000 | 01461nam0 2200289 450 | |
| 001 | 2274419292 | |
| 005 | 20220915204100.93 | |
| 010 | @a978-7-5535-1685-1@b精装@dCNY49.80 | |
| 100 | @a20191010d2019 em y0chiy50 ea | |
| 101 | 1 | @achi@ceng |
| 102 | @aCN@b310000 | |
| 105 | @ab a 000yy | |
| 200 | 1 | @a闽国@Amin guo@e10世纪的中国南方王国@f(美) 薛爱华@d= The empire of Min@ea south China kingdom of the tenth century@fEdward Hetzel Schafer@g程章灿, 侯承相译@zeng |
| 210 | @a上海@c上海文化出版社@d2019.08 | |
| 215 | @a31, 181页@c地图@d21cm | |
| 314 | @a薛爱华, 美国著名汉学家, 20世纪后半期美国中古中国研究的代表人物。程章灿, 南京大学文学院教授, 曾任美国哈佛大学、宾夕法尼亚大学高级访问学者。侯承相, 南京大学文学院古典文献专业博士研究生。 | |
| 320 | @a有书目 (第页) | |
| 330 | @a本书以10世纪时中国东南沿海的闽国为研究主题, 全书采用大历史的视角, 从自然环境切入, 介绍了闽国的政府和政治结构、编年史、经济、艺术、信仰等诸多方面, 不是单纯的闽国政治史, 而是社会史、文化史、经济史的结合。 | |
| 500 | 10 | @aEmpire of Min : a south China kingdom of the tenth century@mChinese |
| 517 | 1 | @a10世纪的中国南方王国@A10 shi ji de zhong guo nan fang wang guo |
| 607 | @a福建@Afu jian@x地方史@x研究@z10世纪 | |
| 690 | @aK295.7@v5 | |
| 701 | 1 | @a薛爱华@Axue ai hua@g(Schafer, Edward Hetzel),@f1913-1991@4著 |
| 702 | 0 | @a程章灿,@Acheng zhang can@f1963.9-@4译 |
| 702 | 0 | @a侯承相@Ahou cheng xiang@4译 |
| 801 | 0 | @aCN@b人天书店@c20191010 |
| 905 | @aZUCC@dK295.7@e2 | |
| 闽国:10世纪的中国南方王国/(美) 薛爱华= The empire of Min:a south China kingdom of the tenth century/Edward Hetzel Schafer/程章灿, 侯承相译.-上海:上海文化出版社,2019.08 |
| 31, 181页:地图;21cm |
| ISBN 978-7-5535-1685-1(精装):CNY49.80 |
| 本书以10世纪时中国东南沿海的闽国为研究主题, 全书采用大历史的视角, 从自然环境切入, 介绍了闽国的政府和政治结构、编年史、经济、艺术、信仰等诸多方面, 不是单纯的闽国政治史, 而是社会史、文化史、经济史的结合。 |
| ● |
| 相关链接 |
|
|
|
正题名:闽国
索取号:K295.7/2
 
预约/预借
| 序号 | 登录号 | 条形码 | 馆藏地/架位号 | 状态 | 备注 |
| 1 | 2000892763 | 2000892763 | 第三书库/ [索取号:K295.7/2] | 在馆 | |
| 2 | 2000892764 | 2000892764 | 第三书库/ [索取号:K295.7/2] | 在馆 | |
| 3 | 2000892765 | 2000892765 | 第三书库/ [索取号:K295.7/2] | 在馆 |